| 000 | 00497nam a2200229Ia 4500 | ||
|---|---|---|---|
| 003 | 0100 | ||
| 008 | 130307s9999 xx 000 0 und d | ||
| 020 | _a0393001342 | ||
| 040 | _cARRUPELIB | ||
| 050 | _aBF173.H7625 1942 | ||
| 100 | _aHorney, Karen | ||
| 245 | _aSelf-analysis | ||
| 260 | _aNew York | ||
| 260 | _bW. W. Norton & Company | ||
| 260 | _c1942 | ||
| 300 | _a309p. | ||
| 300 | _b20cm. | ||
| 650 | _aPSYCHOLOGY | ||
| 650 | _bRealism | ||
| 650 | _cNorminalism | ||
| 942 | 0 | 0 | _02 |
| 999 |
_c84082 _d84082 |
||